| 000 | 00371nam a22001217a 4500 | ||
|---|---|---|---|
| 082 | _aPRO 220 | ||
| 100 |
_aNS QAIM HASSAN ABBAS _970870 |
||
| 245 | _aPR-SOF-1551-VIRTUAL REALITY EXPOSURE THERAPY (VRET) | ||
| 260 |
_aISLAMABAD _bNUST COLLEGE OF EME _c2015 |
||
| 650 |
_aDE-COMP-34 _970871 |
||
| 700 |
_aSUPERVISOR DR. SHOAB AHMED KHAN DR. USMAN AKRAM _970872 |
||
| 942 | _cCR | ||
| 999 |
_c577694 _d577694 |
||